A Corinthia Budapest vendégkommunikációjának és vendégvéleményeinek elemzése
| Main Author: | |
|---|---|
| Other Authors: | |
| Format: | Thesis |
| Kulcsszavak: | Budapest fogyasztói magatartás szálláshely-szolgáltatás szállodaipar vendégvélemény |
| Online Access: | http://dolgozattar.uni-bge.hu/59723 |
MARC
| LEADER | 00000nta a2200000 i 4500 | ||
|---|---|---|---|
| 001 | dolg59723 | ||
| 005 | 20260409145457.0 | ||
| 008 | 260409suuuu hu om 000 hun d | ||
| 040 | |a BGE Dolgozattár Repozitórium |b hun | ||
| 041 | |a hu | ||
| 100 | 1 | |a Gergály Ádám Attila | |
| 245 | 1 | 2 | |a A Corinthia Budapest vendégkommunikációjának és vendégvéleményeinek elemzése |c Gergály Ádám Attila |h [elektronikus dokumentum] |
| 520 | 3 | |a A dolgozat a budapesti Corinthia Budapest 5 csillagos szálloda vendégkommunikációjának és vendégvélemények elemzését tartlamazza. A dolgozat során Budapest fontosabb turisztikai statiszikái is elemzésre kerülnek, valamint szó van Budapest konkurenseivel veló összehasonlítására, valamint Budapest turisztikai erősségeinek elemzése. A Corinthia Budapest vendégértékelései össezhasonlításra kerülnek a konkurens szállodákkal. A kutatás során a Corinthia Budapest vezetőségi tagjaival mélyinterjú készült valamint egy kérdőívet töltöttek ki a szálloda vendégei, mely kettőnek az eredémyei is összehasonlításra kerültek. | |
| 695 | |a Budapest | ||
| 695 | |a fogyasztói magatartás | ||
| 695 | |a szálláshely-szolgáltatás | ||
| 695 | |a szállodaipar | ||
| 695 | |a vendégvélemény | ||
| 700 | 1 | |a Petykó Csilla |e ths | |
| 856 | 4 | 0 | |u http://dolgozattar.uni-bge.hu/59723/1/Gerg%C3%A1ly%20%C3%81d%C3%A1m%20-%20ZV139U.pdf |z Dokumentum-elérés |
| 856 | 4 | 0 | |u http://dolgozattar.uni-bge.hu/59723/2/P%C3%A9nz%C3%BCgyiigazol%C3%A1s.pdf |z Dokumentum-elérés |
| 856 | 4 | 0 | |u http://dolgozattar.uni-bge.hu/59723/3/B%C3%ADr%C3%A1lati%20lap_Gergely%20%C3%81d%C3%A1m_opponens_Csab%C3%A1n%C3%A9%20Budea_2025.pdf |z Dokumentum-elérés |
| 856 | 4 | 0 | |u http://dolgozattar.uni-bge.hu/59723/4/Gerg%C3%A1ly%20%C3%81d%C3%A1m_kozulens_Petyk%C3%B3%20Csilla.pdf |z Dokumentum-elérés |